1194 1774 1156 1746 1645 1555 1644 1999 1033 1536 1255 1760 1421 1860 1296 1903 1107 1738 1294 1659 1066 1078 1306 1963 1925 1715 1861 1442 1500 1750 1849 1288 1330 1221 1510 1564 1093 1287 1720 1739 1749 1825 1927 1893 1569 1224 1296 1375 1538 1250 1476 1624 1458 1970 1162 1822 1160 1521 1915 1515 1057 1901 1251 1979 1871 1837 1044 1917 1372 1679 1593 1446 1147 1841 1381 1544 1094 1791 1720 1134 2000 1938 1433 1545 1739 1339 1724 1084 1752 1934 1280 1571 1923 1720 1132 1232 1827 1174 1023 BCNSPRNW ULIB Ver.6.0+V

เปลี่ยนเป็นภาษาไทย

Change to English
 แสดงรายละเอียดบรรณานุกรม
  กลับหน้าหลัก

Brief Record : Get Marc (ISO 2709) : E-mail record : QR code < ปิดหน้าต่าง
LEADER : 00000nam 2200000uu 4500
001    13399114473
003     ULIB
008    120404s2552||||th 000 0 tha d
020    ^a9786165000024
090    ^aนว.^bย236ส 2552
100 0  ^aยาใจ
245 00 ^aสื่อรักมัดหัวใจ/^cยาใจ
250    ^aพิมพ์ครั้งที่ 1
260    ^aกรุงเทพฯ :^bพิมพ์คำ,^c2552
300    ^a318 หน้า
710 1  ^aยาใจ
945    ^p220^l0^i17725
995    ^aกัณชพร
999    ^aใช้งานได้ทุกระบบ
รายการนี้ยังไม่มีแท็ก
คุณยังไม่ได้ล็อกอิน คุณสามารถมีกิจกรรมร่วมกับเว็บไซต์ได้ แต่ต้องล็อกอินก่อน ::
  ล็อกอิน

รายการสื่อสารสนเทศ

ลำดับที่ ประเภท เลขเรียก/บาร์โค้ด สถานที่ สถานะ
1. นวนิยาย
นวนิยาย
นว. ย236ส 2552  
  Barcode: 17725
ห้องสมุดวิทยาเขตสวรรค์ประชารักษ์
►นวนิยาย
บนชั้น
  ขอยืม

รายการใกล้เคียง
    ผู้แต่ง [ยาใจ]

BibComment


ยังไม่เคยถูกคอมเมนท์

คอมเมนท์ทรัพยากรรายการนี้
  คอมเมนท์: สื่อรักมัดหัวใจ ..


 Copyright 2026. Bcnsprnw @Library